Statistics for Germany Euro 2008 Squad

Click here to take the quiz!

General Stats

  • This quiz has been taken 225 times
  • The average score is 16 of 23

Answer Stats

PositClubAnswer% Correct
GKArsenalJens Lehmann
98%
MDChelseaMichael Ballack
97%
DFBayern MunichPhilipp Lahm
93%
FWBayern MunichMiroslav Klose
92%
MDBayern MunichBastian Schweinsteiger
88%
FWStuttgartMario Gómez
87%
FWBayern MunichLukas Podolski
85%
DFBremenPer Mertesacker
84%
MDBremenTorsten Frings
79%
DFReal MadridChristoph Metzelder
78%
DFBerlinArne Friedrich
74%
GKHannoverRobert Enke
71%
FWBorussia MönchengladbachOliver Neuville
64%
GKLeverkusenRené Adler
63%
MDReal Betis SevillaDavid Odonkor
56%
MDBremenTim Borowski
54%
DFBayern MunichMarcell Jansen
47%
FWSchalkeKevin Kurányi
46%
MDHamburgPiotr Trochowski
45%
MDStuttgartThomas Hitzlsperger
45%
MDLeverkusenSimon Rolfes
41%
DFBremenClemens Fritz
37%
DFSchalkeHeiko Westermann
29%

Score Distribution

Percentile by Number Answered

Percent of People with Each Score

Your Score History

You have not taken this quiz